000 00563nam a2200205Ia 4500
008 160319s9999 xx 000 0 und d
020 _a9715690807
050 _a306.85
050 _bR136f 1993
100 _aRafols, Maria Luisa Lorenzo Y
245 _aFamily values, anyone? :
245 _bthe endangered Manila upper and middle-class family /
245 _cby Maria Luisa Lorenzo y Rafols.
260 _aMakati :
260 _bBookmark Inc.
260 _c1993
300 _a169 pages ;
300 _c22 cm.
650 _aFamily -- Philippines.
999 _c292108
_d292108